000 00476nam a22001817a 4500
003 SEACOMMC
005 20231109105157.0
008 231109b |||||||| |||| 00| 0 eng d
020 _cRs. 250.00
040 _aSEACOMMC
082 _a621.815
_bGOP
100 1 _aGopalakrishnanan, G.
245 1 2 _aA treatise on turbomachines
_cG. Gopalakrishnanan and D. Prithvi Raj
260 _aChennai
_bScitech
_c2002
650 _aEngineering
700 1 _aPrithvi Raj, D.
942 _cBOOK
999 _c352
_d352